000 00395nam a22001457a 4500
005 20200618135449.0
008 200618b xxu||||| |||| 00| 0 eng d
082 _a345.4 AIR
110 _aALL INDIA REPORTER
_96172
245 _aALL INDIA REPORTER [1995] [VOL-82] ALLAHABAD SECTION
260 _aMUMBAI
_bALL INDIA REPORTER, PVT. LTD.
300 _a382;p
650 _aLAW
_95701
942 _cJRL
999 _c7223
_d7221